00384nam a2200145Ia 4500003000900000008004100009040001600050080001500066100002200081245003600103260003400139300001600173650004100189650000800230IN-BaIIA211028s9999 xx 000 0 eng d cIIA Library a523.9bMEN aMenzel, Donald H. 0aOur SuncDonald H. Menzel  aLondonbJ & A Churchillc1949 aviii, 326p. aAstronomy and Astrophysics Thesaurus aSun